000 00413nam a2200157Ia 4500
008 230312s9999||||xx |||||||||||||| ||und||
020 _a0-201-54263-3
082 _a005.74
_bELM-F
100 _aElmasri Ramez
245 0 _aFundamentals of Database Systems
260 _bAddison Wesley
_aNew York
_c2000
300 _a955
546 _aEng.
650 _aComputer
_vIntroduction , Example , Exercise
942 _cBK
999 _c4792
_d4792